[Event "3. Memorial Oliver Gonzalez 2012 - B"]
[Site "Madrid ESP"]
[Date "2012.09.07"]
[Round "7.30"]
[White "Lopez Heras, Arturo"]
[Black "Anton Prado, Augusto"]
[Result "1-0"]
[WhiteElo "1976"]
[BlackElo "1725"]
[PlyCount "49"]
[EventDate "2012.09.01"]
[EventType "swiss"]
[EventRounds "9"]
[EventCountry "ESP"]
[Source "lmi"]
[SourceDate "2012.09.01"]

1. e4 d5 2. exd5 Qxd5 3. Nf3 Nf6 4. Nc3 Qa5 5. Be2 Bf5 6. O-O e6 7. Nd4 Bg6 8.
Bf3 c6 9. Qe2 Bd6 10. Nxe6 fxe6 11. Qxe6+ Be7 12. Qc8+ Qd8 13. Qxb7 Nbd7 14.
Bxc6 O-O 15. Nd5 Rc8 16. Qxc8 Qxc8 17. Nxe7+ Kh8 18. Nxc8 Rxc8 19. Bxd7 Nxd7
20. c3 Re8 21. d4 Bd3 22. Be3 Bxf1 23. Kxf1 Nb6 24. Re1 Nc4 25. Bc1 1-0

[Event "3. Memorial Oliver Gonzalez 2012 - B"]
[Site "Madrid ESP"]
[Date "2012.09.07"]
[Round "7.31"]
[White "Marcos Herrero, Francisco"]
[Black "Hernandez Mateo, Borja"]
[Result "1-0"]
[WhiteElo "1937"]
[BlackElo "1719"]
[PlyCount "79"]
[EventDate "2012.09.01"]
[EventType "swiss"]
[EventRounds "9"]
[EventCountry "ESP"]
[Source "lmi"]
[SourceDate "2012.09.01"]

1. d4 d5 2. c4 e6 3. Nf3 Nf6 4. g3 Nbd7 5. Bg2 c6 6. b3 Be7 7. O-O O-O 8. Bb2
b6 9. Nbd2 Bb7 10. Qc2 Rc8 11. e4 dxe4 12. Ng5 c5 13. Ngxe4 Nxe4 14. Nxe4 Bxe4
15. Bxe4 f5 16. Bg2 cxd4 17. Bxd4 e5 18. Bc3 Qc7 19. Rad1 e4 20. Rd5 g6 21.
Rfd1 Nc5 22. Bf1 Bf6 23. Bxf6 Rxf6 24. b4 Ne6 25. Rd7 Qb8 26. Qa4 Rf7 27. Rxf7
Kxf7 28. Qd7+ Kf6 29. Rd6 Re8 30. c5 Re7 31. Qc6 bxc5 32. Bc4 Qe8 33. a4 h5 34.
b5 h4 35. a5 h3 36. Rxe6+ Rxe6 37. Qxe6+ Qxe6 38. Bxe6 Kxe6 39. b6 axb6 40. a6
1-0

[Event "3. Memorial Oliver Gonzalez 2012 - B"]
[Site "Madrid ESP"]
[Date "2012.09.07"]
[Round "7.32"]
[White "Lianes Garcia, Marcos"]
[Black "Sanchez Gomez, Emiliano"]
[Result "1/2-1/2"]
[WhiteElo "1627"]
[BlackElo "1933"]
[PlyCount "52"]
[EventDate "2012.09.01"]
[EventType "swiss"]
[EventRounds "9"]
[EventCountry "ESP"]
[Source "lmi"]
[SourceDate "2012.09.01"]

1. d4 Nf6 2. c4 g6 3. Nc3 d5 4. cxd5 Nxd5 5. e4 Nxc3 6. bxc3 Bg7 7. Nf3 c5 8.
Bb2 O-O 9. Bc4 cxd4 10. cxd4 Qa5+ 11. Qd2 Qxd2+ 12. Nxd2 Nc6 13. Nb3 b6 14. O-O
Bb7 15. a3 Rac8 16. Rac1 Rfd8 17. Rfd1 e6 18. f3 h5 19. Kf2 Ne7 20. Bd3 Nc6 21.
Bc4 Ne7 22. Bd3 Bh6 23. Rxc8 Rxc8 24. Bc1 Bf8 25. Bb2 Bh6 26. Bc1 Bf8 1/2-1/2

[Event "3. Memorial Oliver Gonzalez 2012 - B"]
[Site "Madrid ESP"]
[Date "2012.09.07"]
[Round "7.33"]
[White "Perez Alvarez, Javier"]
[Black "Titeiu, Melania"]
[Result "0-1"]
[WhiteElo "1834"]
[BlackElo "1695"]
[PlyCount "68"]
[EventDate "2012.09.01"]
[EventType "swiss"]
[EventRounds "9"]
[EventCountry "ESP"]
[Source "lmi"]
[SourceDate "2012.09.01"]

1. e4 c5 2. Nf3 d6 3. d4 cxd4 4. Nxd4 Nf6 5. Nc3 a6 6. Be2 Nc6 7. Be3 e5 8. Nb3
Be6 9. Bf3 Be7 10. O-O O-O 11. a4 Nb4 12. Bg5 h6 13. Bxf6 Bxf6 14. g3 Rc8 15.
h4 Qb6 16. a5 Qc7 17. Qd2 Rfd8 18. Rfc1 g5 19. h5 g4 20. Qxh6 Bg7 21. Qg5 f6
22. Qg6 gxf3 23. h6 Qf7 24. Qxf7+ Kxf7 25. hxg7 Kxg7 26. Ra4 Nxc2 27. Nd5 f5
28. Na1 Bxd5 29. exd5 Nd4 30. Rd1 Ne2+ 31. Kf1 Rh8 32. Ke1 Rc5 33. Kd2 Rxd5+
34. Kc2 Rc8+ 0-1

[Event "3. Memorial Oliver Gonzalez 2012 - B"]
[Site "Madrid ESP"]
[Date "2012.09.07"]
[Round "7.34"]
[White "Rottenwoerer, Christoph"]
[Black "Leniz Martinez, Francisco"]
[Result "0-1"]
[WhiteElo "1599"]
[BlackElo "1834"]
[PlyCount "118"]
[EventDate "2012.09.01"]
[EventType "swiss"]
[EventRounds "9"]
[EventCountry "ESP"]
[Source "lmi"]
[SourceDate "2012.09.01"]

1. c4 e5 2. g3 Nf6 3. Bg2 d5 4. cxd5 Nxd5 5. Nf3 Nc6 6. O-O Be7 7. d4 e4 8. Ne5
f5 9. Nxc6 bxc6 10. b3 O-O 11. a3 Be6 12. e3 Rb8 13. Qc2 Qd7 14. Nd2 Qe8 15.
Rd1 Bf6 16. Nf1 Ne7 17. Rb1 Rb6 18. Nd2 Qf7 19. Bf1 Rfb8 20. Nc4 Bxc4 21. Bxc4
Nd5 22. Bd2 Rd8 23. Rdc1 Rd7 24. Ba5 Rb8 25. Qa2 Kh8 26. Rc2 Qh5 27. Bxd5 Rxd5
28. Rxc6 Rxa5 29. b4 Rab5 30. Rxc7 a5 31. Rbc1 Rf8 32. Rc8 Rb8 33. Qe6 h6 34.
Rxb8 Rxb8 35. bxa5 Re8 36. Qc6 f4 37. gxf4 Qg4+ 38. Kf1 Re7 39. Qa8+ Kh7 40. a6
Qh3+ 41. Ke1 Qxh2 42. a7 Bh4 43. Qxe4+ Rxe4 44. Rc2 Qh1+ 45. Kd2 Re7 46. Ke2
Rxa7 47. Ra2 Qd5 48. Ra1 Qb3 49. Kf3 Rxa3 50. Rxa3 Qxa3 51. f5 Qb2 52. d5 Qxf2+
53. Ke4 Bf6 54. d6 Qd2 55. d7 Qxd7 56. Kf4 Qd6+ 57. Kf3 Qe5 58. e4 g6 59. fxg6+
Kxg6 0-1

[Event "3. Memorial Oliver Gonzalez 2012 - B"]
[Site "Madrid ESP"]
[Date "2012.09.07"]
[Round "7.35"]
[White "Dominguez Alfara, Miguel"]
[Black "Yaniz Lana, Francisco Javier"]
[Result "1-0"]
[WhiteElo "1828"]
[BlackElo "1667"]
[PlyCount "53"]
[EventDate "2012.09.01"]
[EventType "swiss"]
[EventRounds "9"]
[EventCountry "ESP"]
[Source "lmi"]
[SourceDate "2012.09.01"]

1. d4 Nf6 2. Nf3 c5 3. e3 cxd4 4. exd4 g6 5. Bd3 Bg7 6. O-O O-O 7. c4 d5 8. c5
Nc6 9. Nc3 Re8 10. Bf4 Nh5 11. Be3 a6 12. Qb3 Nf6 13. Ne5 Be6 14. Qxb7 Nxe5 15.
dxe5 d4 16. exf6 dxe3 17. Rad1 Rb8 18. Qxa6 Bxf6 19. Bb5 Qc7 20. Bxe8 exf2+ 21.
Rxf2 Rxe8 22. Qb6 Qe5 23. c6 Rb8 24. Rd8+ Rxd8 25. Qxd8+ Kg7 26. c7 Bc4 27.
Qf8+ 1-0

[Event "3. Memorial Oliver Gonzalez 2012 - B"]
[Site "Madrid ESP"]
[Date "2012.09.07"]
[Round "7.36"]
[White "Tevar Becerra, Alvaro"]
[Black "Galan Aguado, Fernando"]
[Result "1/2-1/2"]
[WhiteElo "1559"]
[BlackElo "1820"]
[PlyCount "145"]
[EventDate "2012.09.01"]
[EventType "swiss"]
[EventRounds "9"]
[EventCountry "ESP"]
[Source "lmi"]
[SourceDate "2012.09.01"]

1. e4 e6 2. d4 d5 3. exd5 exd5 4. Nf3 Bd6 5. Nc3 c6 6. Be2 Ne7 7. O-O O-O 8. h3
Ng6 9. Re1 Qc7 10. Bd3 Nd7 11. Be3 Nf6 12. Qd2 Bd7 13. Bg5 Nh5 14. Bxg6 hxg6
15. Be7 Bf4 16. Qd1 Rfe8 17. Bg5 Bd6 18. Ne2 Re6 19. Be3 Rae8 20. b3 b5 21. a4
a6 22. axb5 axb5 23. Ra2 Qd8 24. c3 Qe7 25. Kf1 Rxe3 26. fxe3 Qxe3 27. Qd2 Qe7
28. Qg5 Qe4 29. Nc1 Ng3+ 30. Kg1 Qxe1+ 31. Nxe1 Rxe1+ 32. Kf2 Ne4+ 33. Kxe1
Nxg5 34. Ne2 Kf8 35. Ra8+ Ke7 36. b4 Ne4 37. Rg8 Nf6 38. Ra8 Ke6 39. g4 Ne4 40.
Rb8 Ng5 41. Rh8 f5 42. Kf2 fxg4 43. hxg4 Ke7 44. Rh4 Ne4+ 45. Kf3 Kf6 46. Ke3
Kg5 47. Rh7 Bxg4 48. Rxg7 Kf6 49. Rh7 Bxe2 50. Kxe2 Nxc3+ 51. Kd3 g5 52. Kxc3
g4 53. Rh8 g3 54. Rg8 Kf5 55. Kd3 Kf4 56. Ke2 Bxb4 57. Kf1 Bc3 58. Kg2 Be1 59.
Rc8 Bf2 60. Rxc6 Ke4 61. Rb6 Kxd4 62. Rxb5 Kc4 63. Rb8 d4 64. Rc8+ Kd3 65. Rd8
Kc3 66. Rc8+ Kd2 67. Kf3 d3 68. Rc7 Kd1 69. Rc8 d2 70. Rc7 Ke1 71. Re7+ Kf1 72.
Rd7 Be1 73. Rxd2 1/2-1/2

[Event "3. Memorial Oliver Gonzalez 2012 - B"]
[Site "Madrid ESP"]
[Date "2012.09.07"]
[Round "7.37"]
[White "Montes De Santiago, Fernando"]
[Black "Salgado Duarte, Pablo"]
[Result "1-0"]
[WhiteElo "1818"]
[BlackElo "1579"]
[PlyCount "53"]
[EventDate "2012.09.01"]
[EventType "swiss"]
[EventRounds "9"]
[EventCountry "ESP"]
[Source "lmi"]
[SourceDate "2012.09.01"]

1. d4 d5 2. Nf3 Nf6 3. Bg5 e6 4. e3 Be7 5. Bd3 Nc6 6. c3 h6 7. Bf4 Bd6 8. Nbd2
Bxf4 9. exf4 Bd7 10. Ne5 Qe7 11. b4 a6 12. O-O O-O 13. Re1 Na7 14. a4 Rad8 15.
Nb3 Bc8 16. f5 Qd6 17. fxe6 Bxe6 18. Nc5 Rb8 19. Qc2 Nc6 20. Bf5 Bxf5 21. Qxf5
Ne7 22. Qh3 Nh7 23. Ned7 Ng5 24. Qd3 b6 25. Nxb8 bxc5 26. dxc5 Qf6 27. Nd7 1-0

[Event "3. Memorial Oliver Gonzalez 2012 - B"]
[Site "Madrid ESP"]
[Date "2012.09.07"]
[Round "7.38"]
[White "Ore Leon, Gustavo"]
[Black "Serrano Leiva, Ana"]
[Result "1-0"]
[WhiteElo "1812"]
[BlackElo "1539"]
[PlyCount "77"]
[EventDate "2012.09.01"]
[EventType "swiss"]
[EventRounds "9"]
[EventCountry "ESP"]
[Source "lmi"]
[SourceDate "2012.09.01"]

1. e4 c5 2. Nf3 Nc6 3. d4 cxd4 4. Nxd4 e5 5. Nb5 d6 6. N1c3 a6 7. Na3 b5 8. Nd5
Nge7 9. c4 Nd4 10. Bd3 Nxd5 11. exd5 Be7 12. Be3 Nf5 13. Bd2 O-O 14. Qb1 Bg5
15. Bc3 Qf6 16. cxb5 Re8 17. O-O Bf4 18. g3 Qg5 19. Be4 Nh4 20. Nc4 Bh3 21.
Nxd6 Rf8 22. Qd3 f5 23. Nxf5 Nxf5 24. d6 Rad8 25. d7 Nd4 26. Bxd4 exd4 27. bxa6
Rxd7 28. Rfe1 g6 29. a4 Bf5 30. b4 Bd2 31. Reb1 Bxe4 32. Qxe4 Qf5 33. Qxf5 Rxf5
34. b5 Bc3 35. b6 Bxa1 36. b7 Rxb7 37. axb7 Rf8 38. Rxa1 Rb8 39. Rb1 1-0

[Event "3. Memorial Oliver Gonzalez 2012 - B"]
[Site "Madrid ESP"]
[Date "2012.09.07"]
[Round "7.40"]
[White "Siu Burillo, Joaquin"]
[Black "Rodriguez Bernal, Herman"]
[Result "1/2-1/2"]
[WhiteElo "1368"]
[BlackElo "1780"]
[PlyCount "34"]
[EventDate "2012.09.01"]
[EventType "swiss"]
[EventRounds "9"]
[EventCountry "ESP"]
[Source "lmi"]
[SourceDate "2012.09.01"]

1. d4 Nf6 2. Bf4 g6 3. Nf3 Bg7 4. e3 d6 5. Bd3 O-O 6. Nbd2 c5 7. c3 Nc6 8. O-O
Re8 9. Qc2 a6 10. h3 b5 11. dxc5 dxc5 12. Ne4 e5 13. Bg5 c4 14. Bxf6 Bxf6 15.
Nxf6+ Qxf6 16. Be4 Bb7 17. Rad1 Re7 1/2-1/2

[Event "3. Memorial Oliver Gonzalez 2012 - B"]
[Site "Madrid ESP"]
[Date "2012.09.07"]
[Round "7.41"]
[White "Diaz Begonte, Manuel"]
[Black "Cortijo Manso, Luis"]
[Result "1-0"]
[WhiteElo "1776"]
[BlackElo "1534"]
[PlyCount "77"]
[EventDate "2012.09.01"]
[EventType "swiss"]
[EventRounds "9"]
[EventCountry "ESP"]
[Source "lmi"]
[SourceDate "2012.09.01"]

1. e4 c5 2. d4 cxd4 3. c3 dxc3 4. Nxc3 e6 5. Nf3 a6 6. a4 Bb4 7. Qd4 Bxc3+ 8.
Qxc3 Qf6 9. Qxc8+ Qd8 10. Qxb7 Nc6 11. Qb3 Nge7 12. Bd3 O-O 13. Bd2 Ng6 14. O-O
Rb8 15. Qc2 e5 16. Bxa6 Nb4 17. Bxb4 Rxb4 18. Bb5 Qc8 19. Rfc1 Qxc2 20. Rxc2
Rxe4 21. Bxd7 Rb4 22. Bb5 e4 23. Nd2 Nh4 24. Re1 Nf5 25. Rxe4 Rxe4 26. Nxe4 Nd4
27. Rc5 Rd8 28. f3 g6 29. Nc3 Nb3 30. Rd5 Rb8 31. Kf2 Na5 32. b4 Nb7 33. Ba6
Nd8 34. a5 Nc6 35. Rb5 Rd8 36. Ne4 Rd4 37. Bb7 Nxb4 38. a6 Rc4 39. a7 1-0

[Event "3. Memorial Oliver Gonzalez 2012 - B"]
[Site "Madrid ESP"]
[Date "2012.09.07"]
[Round "7.42"]
[White "Mateos Cordero, Francisco"]
[Black "Pardo Vaquero, Ignacio"]
[Result "1-0"]
[WhiteElo "1506"]
[BlackElo "1756"]
[PlyCount "153"]
[EventDate "2012.09.01"]
[EventType "swiss"]
[EventRounds "9"]
[EventCountry "ESP"]
[Source "lmi"]
[SourceDate "2012.09.01"]

1. d4 Nf6 2. c4 c5 3. d5 b5 4. Nd2 bxc4 5. e4 Qa5 6. Qc2 e6 7. Bxc4 Bb7 8. Ngf3
exd5 9. exd5 Be7 10. Qd3 d6 11. O-O O-O 12. Re1 Qd8 13. b3 Nbd7 14. Bb2 Nb6 15.
Ng5 Nbd7 16. Ndf3 h6 17. Ne4 Re8 18. Ng3 Nb6 19. Bb5 Nbd7 20. Bc4 a6 21. Nf5
Bf8 22. Rxe8 Nxe8 23. Re1 Ndf6 24. Ne3 Nc7 25. Bc3 Qd7 26. Bxf6 gxf6 27. h3 Re8
28. a4 Bg7 29. Nh4 Re5 30. Nf3 Re7 31. Nh4 Re5 32. Nf3 Re7 33. Nh4 Qd8 34. Nhf5
Re5 35. f4 Re8 36. Qe2 Bc8 37. Qg4 Bxf5 38. Qxf5 Re7 39. Kf2 Qe8 40. Qg4 Qf8
41. Re2 Kh8 42. Nf5 Rxe2+ 43. Kxe2 Qg8 44. Nxd6 Qf8 45. Nf5 Ne8 46. Bxa6 Nd6
47. Qxg7+ Qxg7 48. Nxg7 Kxg7 49. Bc4 Nb7 50. Ba6 Na5 51. Bc4 Nb7 52. f5 h5 53.
Kf3 Kf8 54. Kg3 Kg7 55. Kf4 Kf8 56. g4 hxg4 57. Kxg4 Kg7 58. h4 Kh6 59. Be2 Kg7
60. Kf4 Kh6 61. Ke3 Kg7 62. Kd3 Kf8 63. Bg4 Ke7 64. h5 Kf8 65. Kc4 Ke7 66. h6
Kf8 67. Kb5 Kg8 68. Kb6 Nd6 69. Kxc5 Ne4+ 70. Kc6 Nd2 71. b4 Nc4 72. Kc7 Ne3
73. d6 Nd5+ 74. Kb7 Nxb4 75. d7 Nd3 76. d8=Q+ Kh7 77. Qxd3 1-0

[Event "3. Memorial Oliver Gonzalez 2012 - B"]
[Site "Madrid ESP"]
[Date "2012.09.07"]
[Round "7.43"]
[White "Rodriguez Varela, Alvaro"]
[Black "Melcon Mediavilla, Rodrigo"]
[Result "1-0"]
[WhiteElo "1752"]
[BlackElo "1453"]
[PlyCount "57"]
[EventDate "2012.09.01"]
[EventType "swiss"]
[EventRounds "9"]
[EventCountry "ESP"]
[Source "lmi"]
[SourceDate "2012.09.01"]

1. e4 c5 2. Nf3 Nc6 3. Bb5 Qc7 4. Bxc6 Qxc6 5. Nc3 d6 6. d4 cxd4 7. Nxd4 Qb6 8.
O-O Nf6 9. Qd3 g6 10. Qb5+ Qxb5 11. Ndxb5 Kd8 12. Be3 Bd7 13. Nxa7 Bg7 14. f3
Ne8 15. Bb6+ Nc7 16. Nd5 Rxa7 17. Bxa7 Nxd5 18. exd5 Kc7 19. Bf2 Bxb2 20. Rab1
Bc3 21. Rb3 Be5 22. Rfb1 b5 23. a4 Bf5 24. Rxb5 Ra8 25. a5 Bc3 26. Bb6+ Kc8 27.
R1b3 Bd2 28. Ra3 Bxc2 29. Rb2 1-0

[Event "3. Memorial Oliver Gonzalez 2012 - B"]
[Site "Madrid ESP"]
[Date "2012.09.07"]
[Round "7.44"]
[White "Martinez Martinez, Antonio"]
[Black "Martinez Rubio, Felipe"]
[Result "1-0"]
[WhiteElo "1667"]
[BlackElo "1835"]
[PlyCount "103"]
[EventDate "2012.09.01"]
[EventType "swiss"]
[EventRounds "9"]
[EventCountry "ESP"]
[Source "lmi"]
[SourceDate "2012.09.01"]

1. e4 e6 2. d4 d5 3. e5 c5 4. c3 Nc6 5. Bb5 Bd7 6. Be2 Qb6 7. Nf3 cxd4 8. cxd4
Bb4+ 9. Nc3 Nge7 10. O-O Bxc3 11. bxc3 Rc8 12. Ba3 Qa5 13. Qb3 Nd8 14. Bb4 Qa4
15. Qb2 Bb5 16. Bd1 Qa6 17. Re1 Qc6 18. a4 Bc4 19. a5 a6 20. Nd2 b5 21. axb6
Qxb6 22. Nxc4 Rxc4 23. Be2 Rxb4 24. cxb4 O-O 25. Rxa6 Qb7 26. b5 Nf5 27. g4 Nh6
28. h3 f6 29. exf6 Rxf6 30. g5 Rg6 31. h4 Nf5 32. Bh5 Nxh4 33. f4 e5 34. Bxg6
Nf3+ 35. Kf2 Nxe1 36. Bxh7+ Kxh7 37. Kxe1 exf4 38. g6+ Kg8 39. Qd2 Qd7 40. b6
Kf8 41. Ra7 Qd6 42. Kf2 Qf6 43. Kf3 Qg5 44. Qg2 Qf5 45. Qg4 Qe4+ 46. Kf2 Qxd4+
47. Kg2 Qe4+ 48. Qf3 Qxg6+ 49. Kh2 Qc2+ 50. Kg1 Qc5+ 51. Qf2 Qd6 52. b7 1-0

[Event "3. Memorial Oliver Gonzalez 2012 - B"]
[Site "Madrid ESP"]
[Date "2012.09.07"]
[Round "7.45"]
[White "Alvarez Escudero, Manuel"]
[Black "Melcon Diez, Enrique"]
[Result "1-0"]
[WhiteElo "1826"]
[BlackElo "1635"]
[PlyCount "73"]
[EventDate "2012.09.01"]
[EventType "swiss"]
[EventRounds "9"]
[EventCountry "ESP"]
[Source "lmi"]
[SourceDate "2012.09.01"]

1. e4 c5 2. Nf3 g6 3. c3 Nf6 4. d3 Bg7 5. Be3 d5 6. e5 Nfd7 7. d4 Nc6 8. Bd3
O-O 9. Nbd2 Qb6 10. b3 e6 11. O-O f6 12. dxc5 Qc7 13. exf6 Bxf6 14. Qc2 e5 15.
Bxg6 e4 16. Bf5 Nde5 17. Nd4 Bxf5 18. Nxf5 Ng4 19. Nh6+ Nxh6 20. Bxh6 Rf7 21.
Rad1 Ne5 22. Bf4 Qxc5 23. Be3 Qc6 24. c4 Nd3 25. f3 a6 26. fxe4 dxe4 27. Nxe4
Nb4 28. Nxf6+ Rxf6 29. Qd2 Rxf1+ 30. Rxf1 Qe4 31. Bh6 Nc6 32. Qg5+ Qg6 33. Qd5+
Kh8 34. Bg5 h6 35. Bf6+ Kh7 36. Qd7+ Kg8 37. Qxb7 1-0

[Event "3. Memorial Oliver Gonzalez 2012 - B"]
[Site "Madrid ESP"]
[Date "2012.09.07"]
[Round "7.46"]
[White "Sanchez Romero, Ruben"]
[Black "Morona Minguez, Miguel"]
[Result "1/2-1/2"]
[WhiteElo "1788"]
[BlackElo "1631"]
[PlyCount "130"]
[EventDate "2012.09.01"]
[EventType "swiss"]
[EventRounds "9"]
[EventCountry "ESP"]
[Source "lmi"]
[SourceDate "2012.09.01"]

1. e4 e5 2. f4 exf4 3. Nf3 Be7 4. Bc4 Bh4+ 5. Kf1 d6 6. d4 Nc6 7. c3 Bg4 8.
Bxf4 Qf6 9. Be3 Bxf3 10. Qxf3 Qxf3+ 11. gxf3 Nge7 12. Rg1 g6 13. Rg4 Bf6 14.
Ke2 d5 15. Bd3 h5 16. Rg2 O-O-O 17. Nd2 Rhe8 18. Rag1 dxe4 19. fxe4 Kb8 20. Rf1
Ng8 21. e5 Bxe5 22. dxe5 Nxe5 23. Bb5 c6 24. Bc4 Ng4 25. Rf3 f5 26. h3 Nxe3 27.
Rxe3 Rxe3+ 28. Kxe3 Ne7 29. Nf3 b5 30. Bb3 c5 31. c4 a6 32. Rd2 Re8 33. Kf2 Kc7
34. Ne5 g5 35. cxb5 Nc8 36. Rd7+ Kb6 37. Nf7 g4 38. hxg4 hxg4 39. Nh6 axb5 40.
Rd5 Rf8 41. Rxf5 Rxf5+ 42. Nxf5 c4 43. Bd1 Kc5 44. Ke3 Nb6 45. Ke4 Nd5 46. Bxg4
Nb4 47. Ke3 Nxa2 48. Kd2 Nb4 49. Bf3 Nd3 50. b3 Ne5 51. Be4 cxb3 52. Kc3 Nc4
53. Nd4 b4+ 54. Kd3 Nb2+ 55. Ke3 Nd1+ 56. Kd3 Nf2+ 57. Ke3 Nxe4 58. Nxb3+ Kc4
59. Na5+ Kb5 60. Nb3 Ka4 61. Nc1 Nc3 62. Kd3 Ka3 63. Kc4 Na2 64. Nxa2 b3 65.
Nc3 b2 1/2-1/2

[Event "3. Memorial Oliver Gonzalez 2012 - B"]
[Site "Madrid ESP"]
[Date "2012.09.07"]
[Round "7.47"]
[White "Yeves Miquel, Enrique"]
[Black "Folgar Lopez, Angel"]
[Result "1-0"]
[WhiteElo "1754"]
[BlackElo "1622"]
[PlyCount "65"]
[EventDate "2012.09.01"]
[EventType "swiss"]
[EventRounds "9"]
[EventCountry "ESP"]
[Source "lmi"]
[SourceDate "2012.09.01"]

1. d4 d5 2. c4 e6 3. Nc3 Nf6 4. cxd5 Nxd5 5. e4 Nxc3 6. bxc3 Nd7 7. a3 b6 8.
Bd3 g6 9. Nf3 c6 10. Bg5 Qc7 11. Qd2 Bb7 12. Bf4 Bd6 13. e5 Bf8 14. Ng5 c5 15.
Ne4 O-O-O 16. O-O Qc6 17. f3 Be7 18. Bg5 Bxg5 19. Nxg5 Rdf8 20. Be4 Qc7 21.
Bxb7+ Kxb7 22. Ne4 f5 23. Nd6+ Ka8 24. a4 Nb8 25. a5 Nc6 26. axb6 Qxb6 27. Rfb1
Qc7 28. Rb7 Qd8 29. Qa2 a5 30. Qxe6 cxd4 31. Qd5 Qxd6 32. exd6 Kxb7 33. Rb1+
1-0

[Event "3. Memorial Oliver Gonzalez 2012 - B"]
[Site "Madrid ESP"]
[Date "2012.09.07"]
[Round "7.48"]
[White "Casado Izquierdo, David"]
[Black "Sanchez Tapia, Luis G"]
[Result "0-1"]
[WhiteElo "1730"]
[BlackElo "1605"]
[PlyCount "70"]
[EventDate "2012.09.01"]
[EventType "swiss"]
[EventRounds "9"]
[EventCountry "ESP"]
[Source "lmi"]
[SourceDate "2012.09.01"]

1. e4 c6 2. d4 d5 3. exd5 cxd5 4. Bd3 Nf6 5. c3 e6 6. Nf3 Be7 7. Bf4 O-O 8. O-O
Nh5 9. Be5 f6 10. Bxb8 Rxb8 11. g4 Nf4 12. Bc2 Qc7 13. h4 e5 14. Ne1 e4 15. Ng2
Nh3+ 16. Kh1 Bd6 17. Ne3 Be6 18. Bb3 Nf4 19. Nd2 b5 20. Ng2 Nd3 21. Rb1 f5 22.
gxf5 Rxf5 23. Nxe4 Nf4 24. Ng5 Rxg5 25. hxg5 Nxg2 26. Kxg2 Qd7 27. Qh5 g6 28.
Qh4 Rf8 29. f4 Be7 30. Rf2 Bf5 31. Re1 Kh8 32. Kg3 Be4 33. Qg4 Rf5 34. Qe2
Rxg5+ 35. Kh2 Rh5+ 0-1

[Event "3. Memorial Oliver Gonzalez 2012 - B"]
[Site "Madrid ESP"]
[Date "2012.09.07"]
[Round "7.51"]
[White "Fernandez Garcia, Ignacio"]
[Black "Vazquez Cabeza, Isaac"]
[Result "0-1"]
[WhiteElo "1832"]
[BlackElo "1462"]
[PlyCount "62"]
[EventDate "2012.09.01"]
[EventType "swiss"]
[EventRounds "9"]
[EventCountry "ESP"]
[Source "lmi"]
[SourceDate "2012.09.01"]

1. e4 e5 2. Nf3 Nc6 3. Bc4 Be7 4. Nc3 Nf6 5. d3 d6 6. h3 O-O 7. Be3 Re8 8. Qe2
Bd7 9. g4 Na5 10. O-O-O Nxc4 11. dxc4 Bc6 12. Nd2 Nd7 13. h4 Bxh4 14. g5 Bxg5
15. Rdg1 Bxe3 16. Qxe3 Qf6 17. Rg4 g6 18. Qh3 Qg7 19. Rh4 Nf6 20. Ne2 Bd7 21.
Qg2 Rab8 22. Nf3 a6 23. Ng5 h5 24. f3 c6 25. Ng3 Qh6 26. Nxh5 Nxh5 27. Kb1 b5
28. Rxh5 gxh5 29. Rxh5 Qxh5 30. cxb5 cxb5 31. b3 Qg6 0-1

[Event "3. Memorial Oliver Gonzalez 2012 - B"]
[Site "Madrid ESP"]
[Date "2012.09.07"]
[Round "7.52"]
[White "Martinez Pastor, Francisco"]
[Black "Tolosana Esteban, Enrique"]
[Result "0-1"]
[WhiteElo "1602"]
[BlackElo "1799"]
[PlyCount "53"]
[EventDate "2012.09.01"]
[EventType "swiss"]
[EventRounds "9"]
[EventCountry "ESP"]
[Source "lmi"]
[SourceDate "2012.09.01"]

1. b4 e5 2. Bb2 e4 3. e3 Nf6 4. b5 a6 5. a4 axb5 6. axb5 Rxa1 7. Bxa1 Be7 8. d4
d5 9. c4 c6 10. c5 O-O 11. Bc3 b6 12. bxc6 Nxc6 13. Bb5 Bd7 14. Qa4 Qc7 15. Ne2
bxc5 16. O-O c4 17. Nd2 Rb8 18. Ra1 Rxb5 19. Qxb5 Nxd4 20. Qb2 Nxe2+ 21. Kf1
Nxc3 22. Qxc3 h6 23. Nb3 Ng4 24. g3 Nxh2+ 25. Kg2 Nf3 26. Nd4 Bg4 27. Ra5 0-1

[Event "3. Memorial Oliver Gonzalez 2012 - B"]
[Site "Madrid ESP"]
[Date "2012.09.07"]
[Round "7.53"]
[White "Nuñez Barranco, Lucia"]
[Black "Cabedo Marquez, Ramon"]
[Result "1/2-1/2"]
[WhiteElo "1472"]
[BlackElo "1751"]
[PlyCount "90"]
[EventDate "2012.09.01"]
[EventType "swiss"]
[EventRounds "9"]
[EventCountry "ESP"]
[Source "lmi"]
[SourceDate "2012.09.01"]

1. e4 e5 2. Nf3 Nc6 3. Bc4 Bc5 4. c3 Nf6 5. d4 exd4 6. cxd4 Bb4+ 7. Bd2 Nxe4 8.
d5 Bxd2+ 9. Nbxd2 Nxd2 10. Qxd2 Qe7+ 11. Qe2 Qxe2+ 12. Bxe2 Nb4 13. Rd1 Nxa2
14. Rd4 a5 15. Re4+ Kf8 16. Kd2 g6 17. Re1 Kg7 18. Ra1 d6 19. Rxa2 Bf5 20. Re7
Rhc8 21. Bd3 Kf6 22. Bxf5 Kxe7 23. Bxc8 Rxc8 24. Rxa5 Kf6 25. Ra4 g5 26. h4 h6
27. hxg5+ hxg5 28. Rg4 Rg8 29. Nh4 Ke5 30. f4+ Kxd5 31. Rxg5+ Rxg5 32. fxg5 Ke5
33. g6 fxg6 34. Nxg6+ Ke4 35. Ke2 c5 36. g3 b5 37. Nf4 c4 38. Kd2 d5 39. Kc3
d4+ 40. Kb4 d3 41. Kc3 Ke3 42. Nd5+ Ke4 43. Nb4 Ke3 44. Nd5+ Ke4 45. Nb4 Ke3
1/2-1/2

[Event "3. Memorial Oliver Gonzalez 2012 - B"]
[Site "Madrid ESP"]
[Date "2012.09.07"]
[Round "7.56"]
[White "Martin Rodriguez, Jose L"]
[Black "Romero Jaime, Pedro"]
[Result "0-1"]
[WhiteElo "1431"]
[BlackElo "1665"]
[PlyCount "70"]
[EventDate "2012.09.01"]
[EventType "swiss"]
[EventRounds "9"]
[EventCountry "ESP"]
[Source "lmi"]
[SourceDate "2012.09.01"]

1. e4 c5 2. Nf3 d6 3. d4 cxd4 4. Nxd4 Nf6 5. Nc3 g6 6. f3 Bg7 7. Bc4 Nc6 8. Be3
O-O 9. Qd2 Bd7 10. g4 Rc8 11. Nxc6 Bxc6 12. Bb3 Qa5 13. O-O-O Rfd8 14. g5 Nh5
15. Nd5 Qxd2+ 16. Rxd2 Bxd5 17. Rxd5 b6 18. Rhd1 Be5 19. h3 Nf4 20. Bxf4 Bxf4+
21. Kb1 e6 22. R5d3 Rc5 23. h4 Bg3 24. a3 b5 25. a4 a6 26. Rd4 Rc6 27. Rh1 Rc5
28. Rhd1 Rb8 29. R1d2 Be5 30. R4d3 bxa4 31. Ba2 Rxb2+ 32. Kc1 Rxa2 33. Rg2 Ra1+
34. Kd2 Bf4+ 35. Ke2 Rxc2+ 0-1

[Event "3. Memorial Oliver Gonzalez 2012 - B"]
[Site "Madrid ESP"]
[Date "2012.09.08"]
[Round "8.1"]
[White "Fernandez Gil, Ruben Carlos"]
[Black "Rasskin Friederichs, Ivan"]
[Result "1/2-1/2"]
[WhiteElo "1891"]
[BlackElo "2015"]
[PlyCount "60"]
[EventDate "2012.09.01"]
[EventType "swiss"]
[EventRounds "9"]
[EventCountry "ESP"]
[Source "lmi"]
[SourceDate "2012.09.01"]

1. e4 c5 2. Nf3 Nc6 3. d4 cxd4 4. Nxd4 Nf6 5. Nc3 e5 6. Ndb5 d6 7. Bg5 a6 8.
Na3 Be6 9. Bxf6 gxf6 10. Nc4 Rc8 11. Ne3 Ne7 12. Ncd5 Bxd5 13. Nxd5 Nxd5 14.
exd5 Qb6 15. Qg4 Qa5+ 16. b4 f5 17. bxa5 fxg4 18. c4 f5 19. Be2 Bg7 20. Rb1 Rc7
21. Kd2 O-O 22. Rb6 Rd8 23. Rhb1 Rdd7 24. f3 h5 25. Kc3 Bh6 26. Bd1 Bf8 27.
R1b4 Bg7 28. Rb1 Bf8 29. R1b4 Bg7 30. Rb1 Bf8 1/2-1/2